Alliterative Grab Bag A-Z Quiz Stats

Quiz Updated Mar 1, 2014

Also try: Grab Bag (A-Z)
Challenge
Share
Tweet
Embed
Score 0/26 Timer 06:00
0 Plays Today
Group Answer(s) % Correct
Airlines (US-based, major)Airtran, Alaska, American, American Eagle, Atlantic Southeast
93.7%
States (US)South Carolina, South Dakota
83.9%
Greek LettersGamma
83.4%
Metric Prefixesmicro, milli, Mega
79.5%
Dog Breeds (AKC)Dachshund, Dalmatian, Dandie Dinmont Terrier, Doberman Pinscher, Dogue de Bordeaux
75.7%
Island CountriesIceland, Indonesia, Ireland
73.7%
USSR RepublicsUkraine, Uzbekistan
70.3%
Capitals (world)Cairo, Canberra, Caracas, Castries, Chisinau, Conakry, Copenhagen
68.7%
Baseball Teams (MLB)Blue Jays, Braves, Brewers
65.5%
Presidents (US)James Polk, Franklin Pierce
63.5%
Rome Mythical FoundersRomulus, Remus
62.1%
Jackson 5 MembersJackie, Jermaine
60.7%
Websites (Top 100)wikipedia.org, wordpress.com, windows.com, weather.com
58.5%
Group Answer(s) % Correct
Veneto (Italy) ProvincesVenice, Verona, Vicenza
57.1%
Olympic Host CitiesOslo
49.2%
Toyota VehiclesTacoma, Tundra
49.1%
Fortune 500 (Top 100) CompaniesFord Motor, Freddie Mac, FedEx, Fannie Mae
45.6%
ElementsEinsteinium, Erbium, Europium
42.8%
X-MenX-23, Xavier, Xorn
38.2%
Hurricanes (Atlantic, retired)Hattie, Hazel, Hilda, Hortense, Hugo
37.4%
Nabisco BrandsNewtons, Nilla Wafers, Nutter Butter
34.2%
Zebra HybridsZonkey, Zony, Zorse
30.8%
Quarterbacks (NFL, all time)Bernard Quarles, Brady Quinn, Jonathan Quinn, Mike Quinn
25.6%
Kings of HawaiiKamehameha (I, II, III, IV, V), Kalakaua
15.3%
Literature LaureatesLessing, Laxness, Lagerkvist, Lewis, Lagerlöf
7.2%
Yahoo! FoundersJerry Yang
6.8%

You're not logged in!

Compare scores with friends on all Sporcle quizzes.
Sign Up with Email
OR
Log In

You Might Also Like...

Show Comments

Extras

Top Quizzes Today


Score Distribution

Your Account Isn't Verified!

In order to create a playlist on Sporcle, you need to verify the email address you used during registration. Go to your Sporcle Settings to finish the process.